[Event "Pardubice Open A"]
[Site "?"]
[Date "2015.07.25"]
[Round "2.81"]
[White "PALCHUN, Grigory"]
[Black "HANSCH, Torsten"]
[Result "1/2-1/2"]
[WhiteElo "2306"]
[BlackElo "2113"]
[PlyCount "84"]
[EventDate "2015.??.??"]
[WhiteClock "0:15:41"]
[BlackClock "0:30:54"]

1. e4 c5 2. Nc3 d6 3. g3 g6 4. Bg2 Bg7 5. d3 e6 6. f4 Ne7 7. Nf3 Nbc6 8. O-O
O-O 9. Be3 Nd4 10. Rb1 Bd7 11. Ne2 Nxe2+ 12. Qxe2 Bc6 13. Bf2 Qa5 14. a3 d5 15.
e5 d4 16. b4 Qb6 17. bxc5 Qxc5 18. Nxd4 Bxg2 19. Kxg2 b6 20. Nb5 Qc6+ 21. Kg1
Nd5 22. c4 Nc7 23. Nd6 Rfd8 24. Rfd1 Bf8 25. d4 Bxd6 26. exd6 Qxd6 27. a4 Ne8
28. Be1 Rac8 29. Rbc1 Qa3 30. a5 bxa5 31. Bc3 Qa4 32. Ba1 Qa3 33. Re1 a4 34.
Kg2 Qd6 35. h4 h5 36. Kh2 Nf6 37. Qc2 Qc6 38. Qc3 Ng4+ 39. Kg1 Rb8 40. Rb1 f6
41. Qd3 Kf7 42. Rec1 a5 1/2-1/2

[Event "Pardubice Open A"]
[Site "?"]
[Date "2015.07.25"]
[Round "2.82"]
[White "CHEKLETSOV, Ilya"]
[Black "VAFIADIS, Kleanthis"]
[Result "1/2-1/2"]
[WhiteElo "2113"]
[BlackElo "2301"]
[PlyCount "56"]
[EventDate "2015.??.??"]
[WhiteClock "0:20:09"]
[BlackClock "0:20:44"]

1. d4 Nf6 2. c4 c5 3. d5 b5 4. cxb5 a6 5. b6 Bb7 6. Nc3 e6 7. e4 exd5 8. exd5
d6 9. a4 a5 10. Bb5+ Nbd7 11. Bg5 Be7 12. Bxf6 Bxf6 13. Qg4 Qe7+ 14. Kf1 h5 15.
Qf5 Bxc3 16. bxc3 O-O-O 17. Nf3 g6 18. Bxd7+ Qxd7 19. Qd3 Qf5 20. Qxf5+ gxf5
21. c4 Ba6 22. Nd2 Rde8 23. Re1 Kd7 24. f4 Rxe1+ 25. Kxe1 Rb8 26. Ke2 Rxb6 27.
Kd3 Rb4 28. Ra1 Ke7 1/2-1/2

[Event "Pardubice Open A"]
[Site "Pardubice (CZE)"]
[Date "2015.07.25"]
[Round "2.83"]
[White "YURTSEVEN, Melih"]
[Black "KAROUSOS-THEODORAKIS, Nikolaos"]
[Result "1-0"]
[WhiteElo "2299"]
[BlackElo "2073"]
[PlyCount "85"]
[EventDate "2015.07.24"]

1. e4 c5 2. Nf3 g6 3. g3 Bg7 4. Bg2 Nc6 5. O-O d6 6. c3 e5 7. d3 Nge7 8. a3 a5
9. a4 O-O 10. Na3 h6 11. Nd2 Be6 12. Nb5 f5 13. Nc4 f4 14. Ncxd6 Qd7 15. d4
cxd4 16. cxd4 Nxd4 17. Nxd4 exd4 18. e5 Bxe5 19. Nxb7 f3 20. Bxf3 Rxf3 21. Nc5
Qd5 22. Nxe6 Rf6 23. Nf4 Bxf4 24. Bxf4 g5 25. Bd2 Rf3 26. Qe2 Nf5 27. Rfe1 Nd6
28. Rac1 Re8 29. Qa6 Ref8 30. Qc6 Qxc6 31. Rxc6 Rxf2 32. Bf4 gxf4 33. Kxf2
fxg3+ 34. Kxg3 Nf5+ 35. Kg4 Ne3+ 36. Kh5 Rf2 37. h4 Rf4 38. Rc7 Rxh4+ 39. Kxh4
Ng2+ 40. Kg3 Nxe1 41. b4 axb4 42. a5 b3 43. a6 1-0

[Event "Pardubice Open A"]
[Site "Pardubice (CZE)"]
[Date "2015.07.25"]
[Round "2.84"]
[White "HANSEN, Mads"]
[Black "MALINOVSKY, Petr"]
[Result "1-0"]
[WhiteElo "2296"]
[BlackElo "2006"]
[PlyCount "73"]
[EventDate "2015.07.24"]

1. c4 e6 2. g3 d5 3. Bg2 c6 4. Nf3 Nf6 5. O-O Be7 6. b3 O-O 7. Bb2 Nbd7 8. d3
b6 9. Nbd2 Bb7 10. Qc2 Rc8 11. e4 c5 12. Rae1 d4 13. e5 Ne8 14. Re2 Nc7 15. Ne4
Kh8 16. Bc1 f6 17. exf6 Nxf6 18. Neg5 Bxf3 19. Nxf3 Nd7 20. Bf4 Rxf4 21. gxf4
Qf8 22. Ne5 Nf6 23. Bf3 Nce8 24. Kh1 Nd6 25. Rg1 Nf5 26. Qc1 Nh4 27. Bg4 Bd6
28. Qf1 Rc7 29. Qh3 Bxe5 30. Qxh4 Bxf4 31. Rxe6 g5 32. Qh3 h5 33. Bf3 Rh7 34.
Qf5 Rh6 35. Rge1 Kg8 36. Bc6 Be3 37. fxe3 1-0

[Event "Pardubice Open A"]
[Site "Pardubice (CZE)"]
[Date "2015.07.25"]
[Round "2.85"]
[White "HERING, Sven"]
[Black "SOYSAL, Serkan"]
[Result "0-1"]
[WhiteElo "1968"]
[BlackElo "2293"]
[PlyCount "54"]
[EventDate "2015.07.24"]

1. e4 c5 2. Nc3 d6 3. f4 Nc6 4. Nf3 e6 5. Bc4 a6 6. a4 Nf6 7. d3 d5 8. Ba2 dxe4
9. Nxe4 Be7 10. O-O O-O 11. c3 b6 12. Qe2 Bb7 13. Ne5 Nxe4 14. Nxc6 Bxc6 15.
dxe4 Qd7 16. Bb3 b5 17. axb5 axb5 18. Rxa8 Rxa8 19. f5 exf5 20. exf5 c4 21. Bc2
Bc5+ 22. Kh1 Re8 23. Qh5 f6 24. Qg4 Qe7 25. h4 Qe2 26. Qxe2 Rxe2 27. Bd1 Bxg2+
0-1

[Event "Pardubice Open A"]
[Site "Pardubice (CZE)"]
[Date "2015.07.25"]
[Round "2.86"]
[White "BERNOTAS, Arturs"]
[Black "KYAS, Philipp"]
[Result "0-1"]
[WhiteElo "2292"]
[BlackElo "2049"]
[PlyCount "170"]
[EventDate "2015.07.24"]

1. c4 Nf6 2. Nc3 b6 3. e4 Bb7 4. e5 Ne4 5. Nce2 e6 6. f3 Qh4+ 7. g3 Qe7 8. Bg2
Nc5 9. d4 Nca6 10. Nc3 d6 11. exd6 cxd6 12. Nge2 Nd7 13. O-O g6 14. b3 Bg7 15.
Ba3 Nc7 16. Ne4 Bxe4 17. fxe4 e5 18. dxe5 Bxe5 19. Nd4 Qg5 20. Nf3 Qe3+ 21. Kh1
Bxa1 22. Qxd6 O-O-O 23. Rxa1 Nc5 24. Qf4 Qxf4 25. gxf4 Nxe4 26. Ne5 Rd1+ 27.
Rxd1 Nf2+ 28. Kg1 Nxd1 29. Nxf7 Rg8 30. c5 Nc3 31. c6 Ne2+ 32. Kf2 Nxf4 33. Bf3
h5 34. Bd6 Nfe6 35. Be5 Nd8 36. Nd6+ Kb8 37. Kg3 Rf8 38. h4 Nf7 39. Nxf7 Rxf7
40. Be4 Rf8 41. Bd6 Rf1 42. Bf4 Re1 43. Kf3 Rf1+ 44. Ke3 Rg1 45. Bf3 Kc8 46.
Bh2 Ra1 47. Be4 Rxa2 48. Bd6 Rb2 49. Bxg6 Rxb3+ 50. Kd4 Rb5 51. Kc4 Ra5 52. Kb4
Rd5 53. Be7 Kb8 54. Kc4 Re5 55. Bg5 Rc5+ 56. Kb4 a5+ 57. Kb3 Rxg5 58. hxg5 h4
59. Bf7 h3 60. g6 h2 61. g7 h1=Q 62. g8=Q+ Ka7 63. Qg6 Qd1+ 64. Kb2 Qd2+ 65.
Kb3 b5 66. Qg1+ Ka6 67. Qg3 a4+ 68. Ka3 Qc1+ 69. Kb4 Qxc6 70. Qe5 Kb6 71. Qd4+
Kb7 72. Ba2 Na6+ 73. Ka5 Nc7 74. Kb4 Qf3 75. Ka5 Qc6 76. Kb4 Qb6 77. Qd7 Kb8
78. Qd8+ Ka7 79. Qd7 Ka6 80. Qc8+ Qb7 81. Qf5 Qc6 82. Qc8+ Ka7 83. Qd8 Na6+ 84.
Ka5 Qc3+ 85. Kxb5 Qc5+ 0-1

[Event "Pardubice Open A"]
[Site "Pardubice (CZE)"]
[Date "2015.07.25"]
[Round "2.87"]
[White "SUCHOMELOVA, Simona"]
[Black "RIETZE, Clemens"]
[Result "0-1"]
[WhiteElo "2059"]
[BlackElo "2289"]
[PlyCount "78"]
[EventDate "2015.07.24"]

1. e4 c5 2. Nf3 e6 3. d4 cxd4 4. Nxd4 Nc6 5. Nc3 Qc7 6. Be2 a6 7. a4 Nf6 8. O-O
Bb4 9. Nxc6 bxc6 10. Bd3 d5 11. exd5 cxd5 12. Qf3 Bd6 13. h3 O-O 14. Qd1 Bb7
15. f4 Bc5+ 16. Kh1 d4 17. Ne2 Qc6 18. Rg1 Ne4 19. Qe1 a5 20. Bd2 Nxd2 21. Qxd2
f5 22. Nc1 e5 23. fxe5 f4 24. Qf2 Qh6 25. Kh2 f3 26. g3 Qe3 27. Rf1 Qxe5 28.
Nb3 Bb6 29. Rfe1 Qh5 30. Re7 Bc8 31. Bf1 Ra7 32. Rae1 Rxe7 33. Rxe7 Qg5 34. Re1
h5 35. Bc4+ Kh8 36. h4 Qg4 37. Bf1 Bc7 38. Nxd4 Qxh4+ 39. Kg1 Bxg3 0-1

[Event "Pardubice Open A"]
[Site "Pardubice (CZE)"]
[Date "2015.07.25"]
[Round "2.88"]
[White "DEAC, Bogdan-Daniel"]
[Black "BOES, Julian"]
[Result "1-0"]
[WhiteElo "2443"]
[BlackElo "1940"]
[PlyCount "43"]
[EventDate "2015.07.24"]

1. d4 d5 2. Nf3 Nf6 3. c4 e6 4. Nc3 Be7 5. Bf4 c6 6. e3 O-O 7. Bd3 Nbd7 8. O-O
Nh5 9. Qc2 Nxf4 10. exf4 h6 11. Rfe1 dxc4 12. Bxc4 Nb6 13. Bb3 Nd5 14. g3 b6
15. Ne5 Bb7 16. f5 exf5 17. Qxf5 Bc8 18. Qd3 Nb4 19. Qg6 Qe8 20. Nxf7 Rxf7 21.
Qxf7+ Qxf7 22. Rxe7 1-0

[Event "Pardubice Open A"]
[Site "Pardubice (CZE)"]
[Date "2015.07.25"]
[Round "2.89"]
[White "LEHMANN, Holger"]
[Black "LUGOVSKOY, Maxim"]
[Result "1-0"]
[WhiteElo "2180"]
[BlackElo "2432"]
[PlyCount "101"]
[EventDate "2015.07.24"]

1. e4 e6 2. d4 d5 3. Nc3 Bb4 4. Nge2 dxe4 5. a3 Be7 6. Nxe4 Nf6 7. N2g3 Bd7 8.
Bd3 Bc6 9. c3 Nbd7 10. O-O Nxe4 11. Bxe4 Bxe4 12. Nxe4 Nf6 13. Qf3 Nxe4 14.
Qxe4 c6 15. Re1 O-O 16. Bf4 Qd5 17. Be5 Rfd8 18. Qg4 Bf8 19. Re3 Rd7 20. Rae1
Qb3 21. Qe2 b5 22. Rg3 Rc8 23. Bf6 g6 24. h4 Bg7 25. Bxg7 Kxg7 26. h5 Rd5 27.
hxg6 hxg6 28. Rh3 Rg5 29. f4 Rd5 30. Qf2 Rh8 31. Rxh8 Kxh8 32. Re5 Rd7 33. Qe2
Qa2 34. Rc5 Qb1+ 35. Kf2 Qc1 36. Kg3 Kh7 37. Rxc6 Rxd4 38. cxd4 Qxc6 39. Qe3
Qc2 40. Qc3 Qe4 41. Qc7 Qe3+ 42. Kg4 Qe2+ 43. Kg5 Qh5+ 44. Kf6 Qf5+ 45. Ke7 g5
46. Kf8 Kg6 47. fxg5 Qf2 48. Qe5 Qxb2 49. g4 Qxa3+ 50. Kg8 Qe7 51. Qg7# 1-0

[Event "Pardubice Open A"]
[Site "Pardubice (CZE)"]
[Date "2015.07.25"]
[Round "2.90"]
[White "HAVELKA, Jan"]
[Black "SCHUH, Dirk"]
[Result "1-0"]
[WhiteElo "2178"]
[BlackElo "2370"]
[PlyCount "83"]
[EventDate "2015.07.24"]

1. d4 f5 2. Nf3 Nf6 3. Bf4 e6 4. e3 g6 5. Be2 Bg7 6. O-O O-O 7. c4 d6 8. Nc3
Nh5 9. Bg5 Qe8 10. Nd2 h6 11. Bh4 Nf6 12. Bg3 Na6 13. Qb3 Kh8 14. f4 Nd7 15.
Nf3 e5 16. fxe5 dxe5 17. Rae1 f4 18. exf4 exd4 19. Nb5 Ndc5 20. Qd1 Bf5 21. Ne5
Bxe5 22. fxe5 Rd8 23. Bf3 d3 24. b4 Nxb4 25. Qd2 Nc2 26. Qxh6+ Kg8 27. Nxc7 Qf7
28. Bd5 Rxd5 29. Nxd5 Qg7 30. Qd2 Nxe1 31. Nf6+ Kf7 32. Qxe1 Ke6 33. Qe3 b6 34.
Qd4 Qc7 35. Qd5+ Ke7 36. Bh4 Ne6 37. Ne4+ g5 38. Nxg5 Qc5+ 39. Qxc5+ Nxc5 40.
Nh7+ Ke8 41. Nxf8 d2 42. Bg5 1-0

[Event "Pardubice Open A"]
[Site "?"]
[Date "2015.07.26"]
[Round "3.1"]
[White "LAZNICKA, Viktor"]
[Black "MALAKHOV, Igor"]
[Result "1-0"]
[WhiteElo "2657"]
[BlackElo "2440"]
[PlyCount "95"]
[EventDate "2015.??.??"]
[WhiteClock "0:20:33"]
[BlackClock "0:43:07"]

1. d4 Nf6 2. c4 c5 3. d5 b5 4. cxb5 a6 5. bxa6 Bxa6 6. Nc3 g6 7. e4 Bxf1 8.
Kxf1 d6 9. Nf3 Bg7 10. g3 O-O 11. Kg2 Nbd7 12. a4 Ra6 13. Qc2 Qa8 14. Nb5 Rc8
15. Bd2 c4 16. Be3 e6 17. dxe6 fxe6 18. Nc3 d5 19. exd5 Nxd5 20. Nxd5 Qxd5 21.
Rhd1 Qb7 22. Bd4 Ne5 23. Qc3 Rf8 24. Bxe5 Bxe5 25. Qxe5 Qxf3+ 26. Kh3 h5 27.
Rd2 Qf5+ 28. Qxf5 Rxf5 29. Rc2 Raa5 30. Kg2 Rfc5 31. Kf3 Kf7 32. Ke3 e5 33. Kd2
Ke6 34. Kc3 Ra8 35. Re2 Kd6 36. Re4 Kd5 37. Rae1 Kd6 38. Ra1 Kd5 39. Rae1 Kd6
40. f4 exf4 41. Re6+ Kd7 42. Re7+ Kd6 43. R1e6+ Kd5 44. gxf4 g5 45. Re5+ Kd6
46. Rxc5 Kxc5 47. fxg5 Rxa4 48. g6 1-0

[Event "Pardubice Open A"]
[Site "?"]
[Date "2015.07.26"]
[Round "3.2"]
[White "VOROBIOV, Evgeny E"]
[Black "SUNDARARAJAN, Kidambi"]
[Result "1/2-1/2"]
[WhiteElo "2582"]
[BlackElo "2433"]
[PlyCount "42"]
[EventDate "2015.??.??"]
[WhiteClock "0:55:31"]
[BlackClock "0:59:48"]

1. e4 e6 2. d3 d5 3. Nd2 c5 4. g3 Nc6 5. Bg2 g6 6. Ngf3 Bg7 7. O-O Nge7 8. Re1
b6 9. c3 h6 10. h4 a5 11. exd5 exd5 12. d4 cxd4 13. Nxd4 Nxd4 14. cxd4 O-O 15.
Nf3 Bg4 16. Be3 Nf5 17. Qd3 Nxe3 18. Rxe3 Bxf3 19. Bxf3 Rc8 20. b3 h5 21. Ree1
Qd7 1/2-1/2

[Event "Pardubice Open A"]
[Site "?"]
[Date "2015.07.26"]
[Round "3.3"]
[White "STEINBERG, Nitzan"]
[Black "JAKUBOWSKI, Krzysztof"]
[Result "1/2-1/2"]
[WhiteElo "2435"]
[BlackElo "2565"]
[PlyCount "109"]
[EventDate "2015.??.??"]
[WhiteClock "0:22:16"]
[BlackClock "0:26:57"]

1. e4 c5 2. Nf3 d6 3. d4 cxd4 4. Nxd4 Nf6 5. Nc3 a6 6. h3 e6 7. g4 b5 8. g5
Nfd7 9. a3 Be7 10. h4 Bb7 11. Bg2 Nc6 12. Nxc6 Bxc6 13. Be3 O-O 14. f4 Nb6 15.
b3 f5 16. Qd2 fxe4 17. Bh3 Bd7 18. Qd4 Rc8 19. Ne2 Nd5 20. Qxe4 Nxe3 21. Qxe3
Kh8 22. Bxe6 Bxe6 23. Qxe6 Re8 24. Qf5 d5 25. Qd3 Qb6 26. O-O-O Bxa3+ 27. Kb1
Re3 28. Qd2 Qc5 29. Nc1 Rc3 30. Rh2 Bxc1 31. Qxc1 Qb4 32. Qd2 Rxb3+ 33. cxb3
Qxb3+ 34. Ka1 Rc4 35. Rc1 Ra4+ 36. Qa2 g6 37. h5 gxh5 38. f5 h6 39. g6 Kg7 40.
Qxa4 Qxa4+ 41. Ra2 Qd4+ 42. Kb1 Qe4+ 43. Kb2 Qe5+ 44. Kb3 Qxf5 45. Rxa6 Qd3+
46. Kb2 Qd4+ 47. Kb3 Qd3+ 48. Kb2 Qe2+ 49. Kb3 Qe5 50. Rcc6 Qe7 51. Re6 Qc7 52.
Rec6 Qe7 53. Re6 Qc7 54. Rec6 Qe7 55. Re6 1/2-1/2

[Event "Pardubice Open A"]
[Site "?"]
[Date "2015.07.26"]
[Round "3.4"]
[White "MOZHAROV, Mikhail"]
[Black "ALI MARANDI, Cemil Can"]
[Result "1/2-1/2"]
[WhiteElo "2564"]
[BlackElo "2431"]
[PlyCount "77"]
[EventDate "2015.??.??"]
[WhiteClock "0:23:48"]
[BlackClock "0:16:20"]

1. d4 d5 2. c4 c6 3. Nf3 Nf6 4. Nc3 e6 5. g3 dxc4 6. Bg2 b5 7. Ne5 a6 8. O-O
Nd5 9. a4 Bb7 10. Ne4 Nd7 11. Nxf7 Kxf7 12. Ng5+ Ke8 13. Nxe6 Qf6 14. e4 Nc3
15. Nc7+ Kd8 16. bxc3 Kxc7 17. axb5 axb5 18. Rxa8 Bxa8 19. e5 Qe6 20. f4 g6 21.
g4 Rg8 22. Kh1 Qe8 23. Be3 Nb6 24. Be4 Nd5 25. Bxd5 cxd5 26. f5 gxf5 27. gxf5
Bc6 28. Qf3 b4 29. cxb4 Ba4 30. Ra1 Bxb4 31. f6 Qg6 32. f7 Rg7 33. e6 Bc2 34.
Qg3+ Kb7 35. Ra7+ Kxa7 36. Qc7+ Ka6 37. Qc6+ Ka5 38. Qa8+ Kb5 39. Qe8+ 1/2-1/2

[Event "Pardubice Open A"]
[Site "?"]
[Date "2015.07.26"]
[Round "3.6"]
[White "PREDKE, Alexandr"]
[Black "ARAT, Ufuk Sezen"]
[Result "1-0"]
[WhiteElo "2537"]
[BlackElo "2409"]
[PlyCount "69"]
[EventDate "2015.??.??"]
[WhiteClock "0:01:42"]
[BlackClock "0:02:50"]

1. e4 c6 2. d4 d5 3. Nc3 dxe4 4. Nxe4 Bf5 5. Ng3 Bg6 6. Nh3 e6 7. Nf4 Bd6 8. h4
Qc7 9. Nxg6 hxg6 10. Ne4 Bf4 11. Bxf4 Qxf4 12. Ng5 Nf6 13. g3 Qc7 14. Bg2 Qa5+
15. c3 Nbd7 16. O-O O-O 17. Re1 Rfe8 18. Re2 Rad8 19. Qb3 Qb6 20. Rae1 a5 21.
Qc2 Qb5 22. Bf3 a4 23. Kg2 Qa5 24. Qd2 a3 25. b4 Qb5 26. Qc2 Ra8 27. c4 Qa4 28.
Qc3 Nb6 29. Re5 Red8 30. Rc1 Qa7 31. Qe3 Nc8 32. Rxe6 Nd6 33. d5 cxd5 34. cxd5
b5 35. Qxa7 1-0

[Event "Pardubice Open A"]
[Site "?"]
[Date "2015.07.26"]
[Round "3.7"]
[White "GAGARE, Shardul"]
[Black "PAP, Gyula"]
[Result "1/2-1/2"]
[WhiteElo "2425"]
[BlackElo "2536"]
[PlyCount "61"]
[EventDate "2015.??.??"]
[WhiteClock "0:05:31"]
[BlackClock "0:05:33"]

1. d4 Nf6 2. c4 c5 3. d5 g6 4. Nc3 Bg7 5. g3 O-O 6. Bg2 d6 7. Nf3 e6 8. O-O
exd5 9. cxd5 Re8 10. Nd2 Nbd7 11. h3 a6 12. a4 Rb8 13. Nc4 Ne5 14. Na3 Nh5 15.
e4 Bd7 16. a5 b5 17. axb6 Bb5 18. Naxb5 axb5 19. Nxb5 Qxb6 20. Nc3 c4 21. Na4
Qc7 22. Ra3 Nf6 23. Qc2 Rec8 24. Bf4 Nfd7 25. Rb1 Nc5 26. Nxc5 Qxc5 27. Be3 Qb4
28. Bd2 Qc5 29. Be3 Qb4 30. Bd2 Qc5 31. Be3 1/2-1/2

[Event "Pardubice Open A"]
[Site "?"]
[Date "2015.07.26"]
[Round "3.8"]
[White "BLAHYNKA, Martin"]
[Black "POPILSKI, Gil"]
[Result "0-1"]
[WhiteElo "2420"]
[BlackElo "2519"]
[PlyCount "104"]
[EventDate "2015.??.??"]
[WhiteClock "0:00:48"]
[BlackClock "0:17:38"]

1. d4 Nf6 2. c4 g6 3. Nc3 Bg7 4. e4 d6 5. Nf3 O-O 6. Be2 e5 7. O-O Nbd7 8. Re1
c6 9. Bf1 a5 10. dxe5 dxe5 11. Na4 Qe7 12. Qc2 b6 13. c5 b5 14. Nb6 Rb8 15.
Nxc8 Rfxc8 16. Be3 Ng4 17. Bd2 Nxc5 18. Bxa5 Ne6 19. h3 Nf6 20. Bc3 Nd7 21.
Rad1 c5 22. Qd3 Nd4 23. b4 c4 24. Qd2 Nxf3+ 25. gxf3 Nf8 26. Qd6 Qg5+ 27. Kh1
Ne6 28. a4 Qf4 29. Kg2 bxa4 30. Bxc4 Qg5+ 31. Kh2 Qh4 32. Bxe6 Qxf2+ 33. Kh1
Qxf3+ 34. Kg1 Qg3+ 35. Kh1 fxe6 36. Rd3 Qf2 37. Qxe6+ Kh8 38. Red1 Re8 39. Qg4
Rf8 40. Rd7 Rbc8 41. R7d2 Qb6 42. Rd3 a3 43. Qg5 Qb5 44. Qe3 a2 45. Ra1 Qc4 46.
Qe2 Ra8 47. Re3 Qe6 48. Rf3 Rxf3 49. Qxf3 Qb3 50. Qe3 Rc8 51. Bd4 Qb1+ 52. Qg1
Qxe4+ 0-1

[Event "Pardubice Open A"]
[Site "?"]
[Date "2015.07.26"]
[Round "3.9"]
[White "BAGI, Mate"]
[Black "PECHAC, Jergus"]
[Result "1-0"]
[WhiteElo "2417"]
[BlackElo "2511"]
[PlyCount "67"]
[EventDate "2015.??.??"]
[WhiteClock "0:02:05"]
[BlackClock "0:01:05"]

1. e4 e5 2. Nf3 Nf6 3. Nc3 Nc6 4. d4 exd4 5. Nxd4 Bc5 6. Be3 Bb6 7. Qd2 d6 8.
f3 O-O 9. O-O-O Re8 10. g4 Nxd4 11. Bxd4 Be6 12. Kb1 Nd7 13. Be2 Qh4 14. f4 f6
15. Rdg1 Bf7 16. Bf3 Rad8 17. Rg3 g5 18. Bxb6 Nxb6 19. f5 Nc4 20. Qg2 d5 21.
exd5 Ne3 22. Qd2 c6 23. Ne4 Nxd5 24. c4 Nb6 25. Nxf6+ Kh8 26. Qc3 Na4 27. Qa5
Nb6 28. Nxe8 Rxe8 29. Qc3+ Kg8 30. b3 Qh6 31. Bd1 Qd6 32. Bc2 Qf4 33. Rd1 Qf2
34. Rgd3 1-0

[Event "Pardubice Open A"]
[Site "?"]
[Date "2015.07.26"]
[Round "3.10"]
[White "KREJCI, Jan"]
[Black "KRAUS, Tomas"]
[Result "1-0"]
[WhiteElo "2500"]
[BlackElo "2399"]
[PlyCount "69"]
[EventDate "2015.??.??"]
[WhiteClock "0:27:12"]
[BlackClock "0:04:52"]

1. d4 Nf6 2. c4 g6 3. Bg5 Ne4 4. Bf4 e5 5. dxe5 Bb4+ 6. Nd2 d6 7. Ngf3 Nc6 8.
a3 Nxd2 9. Nxd2 dxe5 10. Bg3 Be7 11. b4 f6 12. e3 a5 13. b5 Nb8 14. h4 h5 15.
c5 Kf7 16. Qb3+ Be6 17. Bc4 Qc8 18. O-O Bxc4 19. Nxc4 Qe6 20. f4 exf4 21. exf4
Bxc5+ 22. Kh2 a4 23. Qa2 Kg7 24. f5 gxf5 25. Rae1 Qf7 26. Rxf5 Nd7 27. Qc2 Rae8
28. Rd1 b6 29. Qc3 Rh6 30. Bxc7 Rg6 31. Bg3 Re4 32. Rfd5 Rxc4 33. Qxc4 Nf8 34.
Rxc5 bxc5 35. Qxf7+ 1-0

[Event "Pardubice Open A"]
[Site "?"]
[Date "2015.07.26"]
[Round "3.11"]
[White "POETSCH, Hagen"]
[Black "SKLIAROV, Viktor"]
[Result "1-0"]
[WhiteElo "2498"]
[BlackElo "2368"]
[PlyCount "77"]
[EventDate "2015.??.??"]
[WhiteClock "0:20:08"]
[BlackClock "0:06:56"]

1. e4 c5 2. Nf3 Nc6 3. Bb5 e6 4. O-O Nge7 5. c3 a6 6. Ba4 b5 7. Bc2 d5 8. d4
cxd4 9. a4 Bb7 10. axb5 axb5 11. Rxa8 Bxa8 12. Na3 dxe4 13. Bxe4 Nd5 14. Nxb5
dxc3 15. Bxd5 exd5 16. Bf4 Be7 17. Nc7+ Kf8 18. bxc3 g5 19. Bg3 h5 20. Nxa8 h4
21. Qa4 hxg3 22. Qxc6 Kg7 23. Nd4 gxh2+ 24. Kh1 Bf6 25. Nc7 Bxd4 26. cxd4 Rh6
27. Qc5 g4 28. Re1 Qh4 29. g3 Qg5 30. Qxd5 Qd2 31. Qe5+ Kh7 32. Qf5+ Kg7 33.
Qxg4+ Rg6 34. Qe2 Qc3 35. Nd5 Qc6 36. Qe5+ Kh7 37. Re4 Qc1+ 38. Kxh2 Rh6+ 39.
Rh4 1-0

[Event "Pardubice Open A"]
[Site "?"]
[Date "2015.07.26"]
[Round "3.12"]
[White "RESHEF, Omer"]
[Black "TESKE, Henrik"]
[Result "1/2-1/2"]
[WhiteElo "2410"]
[BlackElo "2475"]
[PlyCount "95"]
[EventDate "2015.??.??"]
[WhiteClock "0:12:50"]
[BlackClock "0:22:36"]

1. e4 e5 2. Nf3 Nc6 3. Nc3 Nf6 4. Bb5 Bd6 5. d3 a6 6. Bxc6 dxc6 7. Ne2 Nd7 8.
O-O O-O 9. d4 Re8 10. dxe5 Nxe5 11. Nxe5 Bxe5 12. Qxd8 Rxd8 13. c3 Be6 14. Be3
Bc4 15. Rfe1 Rd7 16. f4 Bf6 17. Ng3 Rad8 18. Nf5 Bd3 19. e5 Bxf5 20. exf6 gxf6
21. Bd4 Rd6 22. Re7 R8d7 23. Rae1 Kg7 24. R7e3 b6 25. Re7 Rxe7 26. Rxe7 c5 27.
Be3 Bd7 28. f5 Bxf5 29. Rxc7 Rd1+ 30. Kf2 Rb1 31. b3 Rb2+ 32. Kf3 Be6 33. c4
Rxa2 34. Rc6 Rb2 35. Rxb6 Bxc4 36. g3 Bb5 37. Bxc5 Rxb3+ 38. Kf4 Rb1 39. g4 h6
40. Bd4 Rf1+ 41. Kg3 Be2 42. Rxf6 Rxf6 43. h4 a5 44. g5 Kg6 45. Bxf6 a4 46. Kf4
a3 47. Ke3 Bg4 48. Kd2 1/2-1/2

[Event "Pardubice Open A"]
[Site "?"]
[Date "2015.07.26"]
[Round "3.13"]
[White "MINDLIN, Alon"]
[Black "NARAYANAN, Srinath"]
[Result "1-0"]
[WhiteElo "2310"]
[BlackElo "2464"]
[PlyCount "65"]
[EventDate "2015.??.??"]
[WhiteClock "0:20:53"]
[BlackClock "0:37:04"]

1. c4 Nf6 2. Nc3 g6 3. d4 Bg7 4. e4 d6 5. f3 O-O 6. Be3 c5 7. Nge2 Nc6 8. d5
Ne5 9. Ng3 h5 10. Be2 h4 11. Nf1 e6 12. Nd2 exd5 13. cxd5 a6 14. a4 h3 15. g3
Bd7 16. a5 b5 17. axb6 Qxb6 18. Ra2 Qb4 19. O-O Kh7 20. g4 Bb5 21. g5 Nfd7 22.
f4 Nc4 23. Bxc4 Bxc4 24. Nxc4 Qxc4 25. Ra4 Nb6 26. Rxc4 Nxc4 27. Bc1 Rab8 28.
Qe2 Na5 29. e5 Rfe8 30. Ne4 dxe5 31. f5 Nb3 32. fxg6+ fxg6 33. Nf6+ 1-0

[Event "Pardubice Open A"]
[Site "?"]
[Date "2015.07.26"]
[Round "3.15"]
[White "WESTERBERG, Jonathan"]
[Black "HEINEMANN, Josefine"]
[Result "1-0"]
[WhiteElo "2452"]
[BlackElo "2286"]
[PlyCount "107"]
[EventDate "2015.??.??"]
[WhiteClock "0:21:03"]
[BlackClock "0:39:42"]

1. c4 g6 2. Nc3 c5 3. Nf3 Nc6 4. d4 cxd4 5. Nxd4 Bg7 6. Nc2 Bxc3+ 7. bxc3 Qa5
8. Ne3 d6 9. g3 Be6 10. Rb1 b6 11. Bg2 Rc8 12. O-O Nf6 13. Nd5 Bxd5 14. cxd5
Ne5 15. Rb4 Rc7 16. Bh6 Qxa2 17. h3 Kd7 18. Ra4 Qb2 19. Bc1 Qxc3 20. f4 Nc4 21.
Rf3 Nb2 22. Rxc3 Nxd1 23. Rxc7+ Kxc7 24. Rxa7+ Kb8 25. Rxe7 Nc3 26. Ba3 Rd8 27.
e4 Nb5 28. Bb2 Nh5 29. Bf1 Na7 30. g4 Nxf4 31. Rxf7 g5 32. Bd4 Re8 33. Bxb6 Nc8
34. Bc7+ Ka8 35. Bb5 Rxe4 36. Bc6+ Ka7 37. Bxd6+ Kb6 38. Rb7+ Ka6 39. Bxf4 Rxf4
40. Rg7 Nd6 41. Rxg5 Rf6 42. Re5 Kb6 43. Kg2 Kc5 44. Kg3 Nc4 45. Rh5 h6 46. Rf5
Rd6 47. Kh4 Ne3 48. Re5 Nc4 49. Re2 Na5 50. Kh5 Nxc6 51. dxc6 Kxc6 52. h4 Kd7
53. g5 hxg5 54. hxg5 1-0

[Event "Pardubice Open A"]
[Site "?"]
[Date "2015.07.26"]
[Round "3.16"]
[White "DAS, Sayantan"]
[Black "BARAEVA, Irina"]
[Result "1-0"]
[WhiteElo "2444"]
[BlackElo "2122"]
[PlyCount "57"]
[EventDate "2015.??.??"]
[WhiteClock "0:42:35"]
[BlackClock "0:48:52"]

1. e4 d5 2. exd5 Qxd5 3. Nc3 Qd6 4. d4 Nf6 5. Nf3 c6 6. h3 Bf5 7. Ne5 e6 8. g4
Bg6 9. h4 Nbd7 10. Nc4 Qc7 11. h5 Be4 12. Nxe4 Nxe4 13. Qf3 Nef6 14. Bf4 Qd8
15. h6 g6 16. O-O-O Nd5 17. Nd6+ Bxd6 18. Bxd6 N7b6 19. Qg3 Qd7 20. c4 Ne7 21.
Qa3 a6 22. Rh3 Rd8 23. Be5 O-O 24. Bf6 Rfe8 25. Qa5 Nbc8 26. Qg5 Nd6 27. Qe5
Ndc8 28. Bxe7 f6 29. Bxf6 1-0

[Event "Pardubice Open A"]
[Site "?"]
[Date "2015.07.26"]
[Round "3.17"]
[White "CERVENY, Martin"]
[Black "MOVSESIAN, Sergei"]
[Result "0-1"]
[WhiteElo "2394"]
[BlackElo "2653"]
[PlyCount "62"]
[EventDate "2015.??.??"]
[WhiteClock "0:03:39"]
[BlackClock "0:13:11"]

1. d4 d6 2. c4 e5 3. Nf3 Nd7 4. Nc3 g6 5. e4 Bg7 6. Be2 Ngf6 7. O-O O-O 8. Rb1
c6 9. d5 c5 10. Ne1 Ne8 11. Nd3 f5 12. b4 b6 13. bxc5 bxc5 14. Qa4 Nb6 15. Qa5
Nc7 16. Nxc5 dxc5 17. Qxc5 f4 18. f3 Ba6 19. Ba3 Rf6 20. Qb4 Nd7 21. Rfc1 Bf8
22. Qa5 Rc8 23. Kf1 Bxa3 24. Qxa3 Ne8 25. Nb5 Qb6 26. Qb4 Nc5 27. a4 Rf7 28.
Rd1 Nd6 29. Qb2 Nxa4 30. Qxe5 Bxb5 31. cxb5 Nc3 0-1

[Event "Pardubice Open A"]
[Site "?"]
[Date "2015.07.26"]
[Round "3.18"]
[White "KONONENKO, Dmitry"]
[Black "GRINBERG, Eyal"]
[Result "1-0"]
[WhiteElo "2617"]
[BlackElo "2387"]
[PlyCount "63"]
[EventDate "2015.??.??"]
[WhiteClock "0:04:51"]
[BlackClock "0:00:55"]

1. e4 c5 2. Nf3 d6 3. d4 cxd4 4. Nxd4 Nf6 5. Nc3 a6 6. Be3 e5 7. Nb3 Be6 8. h3
Nc6 9. Qf3 Rc8 10. O-O-O Nb4 11. Kb1 Qc7 12. a3 Nxc2 13. Kxc2 Qc6 14. Nd2 d5
15. exd5 Nxd5 16. Ndb1 Qa4+ 17. Kd2 Qb3 18. Nxd5 Bxd5 19. Qf5 Qxb2+ 20. Ke1 Be6
21. Qe4 f5 22. Qa4+ Kf7 23. Nd2 Qc3 24. Rb1 b5 25. Qxa6 f4 26. Bb6 Bxa3 27. Ba5
Qd4 28. Qb7+ Kf6 29. Bxb5 Bc1 30. Nf3 Qc5 31. Bb4 Qc2 32. Qe7+ 1-0